| 000 | 00000nam##2200000za#4500 |
| 001 | 9.590310 |
| 003 | CaOODSP |
| 005 | 20210624200050 |
| 007 | cr ||||||||||| |
| 008 | 150406|2009||||xxc|||||o f|0| 0 fre|d |
| 022 | |a1701-1280 |
| 040 | |aCaOODSP|bfre |
| 041 | |aeng |
| 041 | |afre |
| 043 | |an-cn--- |
| 086 | 1 |aFs70-4/2009-041-PDF |
| 110 | 1 |aCanada. |bMinistère des pêches et des océans. |
| 245 | 10|aCompte rendu de l'atelier de surveillance zonale des espèces aquatiques envahissantes : |h[ressource électronique]|b3 et 4 octobre 2006, Centre canadien des eaux intérieures, Burlington (Ontario) / |cPrésidents de réunion : Becky Cudmore et Scott Millard; Réviseurs scientifiques : Mary Burridge et Dave Marson. |
| 260 | |aBurlington - Ontario : |bPêches et Océans Canada |cMars 2010. |
| 300 | |a78p.|bcarte, références, tableaux |
| 490 | 1 |aSecrétariat canadien de consultation scientifique, série des comptes rendus|x1701-1280|v2009/041 |
| 590 | |a14-20-Supp|b2014-11-25 |
| 791 | |tProceedings for the zonal monitoring workshop on aquatic invasive species : |eeng|w(CaOODSP)9.590309 |
| 830 | #0|aCompte rendu (Secrétariat canadien de consultation scientifique)|x1701-1280|v2009/041|w(CaOODSP)9.500508 |
| 856 | 40|ahttp://publications.gc.ca|qPDF|s364 Ko|uhttps://publications.gc.ca/collections/collection_2014/mpo-dfo/Fs70-4-2009-041.pdf|y2009/041 |